साहित्य का आभामंडल / (Record no. 211370)

MARC details
000 -LEADER
fixed length control field 00834nam a22002057a 4500
005 - DATE AND TIME OF LATEST TRANSACTION
control field 20250522124305.0
010 ## - LCCN (DPL NO)
LC control number HIN-129753
020 ## - INTERNATIONAL STANDARD BOOK NUMBER
Terms of availability 450.00
International Standard Book Number 9788176674416
035 ## - SYSTEM CONTROL NUMBER
System control number HN-102099
037 ## - SOURCE OF ACQUISITION
Source of stock number/acquisition DBAD
082 ## - DEWEY DECIMAL CLASSIFICATION NUMBER
Classification number 820.08
100 ## - MAIN ENTRY--PERSONAL NAME
Personal name पाण्डेय,प्रसाद राजेन्द्र
245 ## - TITLE STATEMENT
Title साहित्य का आभामंडल /
Statement of responsibility, etc राजेन्द्र प्रसाद पाण्डेय
250 ## - EDITION STATEMENT
Edition statement प्रथम
260 ## - PUBLICATION, DISTRIBUTION, ETC. (IMPRINT)
Place of publication, distribution, etc पुणे
Name of publisher, distributor, etc भावना प्रकाशन
Date of publication, distribution, etc 2022
270 ## - ADDRESS
Address 109-ए ,पटपड़गंज गांव
City दिल्ली
Telephone number 8800139684
-- 9312869947
300 ## - PHYSICAL DESCRIPTION
Extent 176 पृ.
Dimensions 22सेमी. (अजिल्द)
700 ## - ADDED ENTRY--PERSONAL NAME
9 (RLIN) 72903
942 ## - ADDED ENTRY ELEMENTS (KOHA)
Source of classification or shelving scheme Dewey Decimal Classification
Item type Hindi Books
Classification part 820.08
Call number suffix पाण्डेय

No items available.


© Delhi Public Library
Hit Counter
free hit counter